| 000 | 02184nam a22003257a 4500 | ||
|---|---|---|---|
| 005 | 20110728155258.0 | ||
| 010 | _aB-435773-777 | ||
| 020 |
_c20.00 _a818263041x |
||
| 035 | _aB-435773-777 | ||
| 037 | _bब्लयूबेरी बुक्स | ||
| 082 | _aक | ||
| 100 |
_aओहरी, हरमिन्दर _930960 |
||
| 245 |
_aएक बड़ी मुसीबत / _cहरमिन्दर ओहरी; प्रथम पुस्तक समूह द्वारा अनुदित _b |
||
| 246 |
_a Ek badi musibat _bby Harminder Ohri |
||
| 260 |
_aनई दिल्ली _bप्रथम बुक्स _c2010 |
||
| 270 |
_bनई दिल्ली _k011-65684113 _l _mwww.prathambooks.org |
||
| 300 | 1 |
_a13पृ.; _c18सेमी (अजिल्द) _bसचित्र |
|
| 490 |
_a _930961 |
||
| 500 | _a | ||
| 700 | _930349 | ||
| 710 |
_a _930350 |
||
| 942 |
_2ddc _cCH _mओहरी _hक |
||
| 999 |
_c54535 _d54535 |
||